| 000 | 00747nam a2200205 i 4500 | ||
|---|---|---|---|
| 001 | 122683 | ||
| 003 | ES-MaACL | ||
| 005 | 20251114063116.0 | ||
| 007 | t| | ||
| 008 | 070214m19531970sp r ||||1| spa d | ||
| 100 | 1 |
_aPuig Brutau, José, _d1909-2003 _994254 |
|
| 245 | 1 | 0 |
_aFundamentos de derecho civil / _cJosé Puig Brutau. |
| 260 |
_aBarcelona : _bBosch, _c1953-1970. |
||
| 300 |
_a3 v. ; _c23 cm. |
||
| 505 | 8 | _aContiene: Tomo II. Vol. I. Doctrina general del contrato. Tomo III. Vol. I. Derecho de cosas. Tomo IV. Vol. II. Filiación, patria potestad, adopción, alimentos, tutela. | |
| 650 | 0 | 7 |
_aDerecho civil _2embne _911656 |
| 852 |
_aES-MaACL _jP-381 |
||
| 852 |
_aES-MaACL _jL-8344 _z.- Tomo IV |
||
| 999 |
_c122683 _d122683 |
||